000 00256nam a2200097Ia 4500
001 1250437
005 20251031150856.0
008 251031s9999 xx 000 0 und d
245 0 _cJOSE SARAMAGO
_aG-1 MIZRAKLAR TÜFEKLER
260 _bKIRMIZI KEDİ YAYINLARI
999 _c1250437
_d1250437